| 000 | 01211cam a2200301 a 4500 | ||
|---|---|---|---|
| 001 | 13415340 | ||
| 003 | MUT | ||
| 005 | 20240606081517.0 | ||
| 008 | 031124s2004 moua bf 001 0 eng | ||
| 010 | _a 2003277396 | ||
| 020 | _a0721697747 | ||
| 040 | _cMUT | ||
| 050 | 0 | 0 |
_aRC 76 _b.J374 2004 |
| 082 | 0 | 0 |
_a616.07/54 _222 |
| 100 | 1 | _aJarvis, Carolyn. | |
| 245 | 1 | 0 | _aPocket companion for Physical examination and health assessment / |
| 246 | 3 | 0 | _aPhysical examination and health assessment |
| 250 | _a4th ed. | ||
| 260 |
_aSt. Louis, MO : _bSaunders, _cc2004. |
||
| 300 |
_a276 p. : _bill. (some col.) ; _c21 cm. |
||
| 504 | _aIncludes bibliographical references (p. 261) and index. | ||
| 650 | 0 |
_aNursing assessment _vHandbooks, manuals, etc. |
|
| 650 | 0 |
_aMedical history taking _vHandbooks, manuals, etc. |
|
| 700 | 1 |
_aJarvis, Carolyn. _tPhysical examination and health assessment. |
|
| 906 |
_a7 _bcbc _corigcop _d3 _encip _f20 _gy-gencatlg |
||
| 942 |
_2lcc _cBK |
||
| 999 |
_c20421 _d20421 |
||